000 00797nam a2200253Ia 4500
003 OSt
005 20220923211154.0
006 a|||||r|||| 00| 0
007 ta
008 Pun
020 _a8187654961 (hbk)
_c250
024 _a281,901
037 _b866, 14/08/2014, H.K. Prakashan
_cTextual
040 _aARTS
_cARTS
_bPun
041 _2Pun
_aPun
082 _aQ8441:21x, 153P2
100 _aਭੱਲਾ, ਜਸਬੀਰ ਸਿੰਘ
_9156315
245 0 _aਅਮਰ ਬਾਣੀ
260 _aਜਲੰਧਰ
_b ਮਨਪ੍ਰੀਤ ਪ੍ਰਕਾFਨ
_c2002
300 _a218ਪੰ
_ccm.
650 _aਧਰਮ
_9159139
942 _hQ8441:21x, 153P2
_cTEXL
_2CC
999 _c296331
_d296331